Detalles MARC
| 000 -CABECERA |
| campo de control de longitud fija |
00850cam a2200241 a 4500 |
| 001 - NÚMERO DE CONTROL |
| campo de control |
000004701 |
| 005 - FECHA Y HORA DE LA ÚLTIMA TRANSACCIÓN |
| campo de control |
20200929151503.0 |
| 008 - DATOS DE LONGITUD FIJA--INFORMACIÓN GENERAL |
| campo de control de longitud fija |
960823s1997 pr b 001 0 spa |
| 020 ## - NÚMERO INTERNACIONAL ESTÁNDAR DEL LIBRO |
| Número Internacional Estándar del Libro |
1563280787 |
| 040 ## - FUENTE DE LA CATALOGACIÓN |
| Centro catalogador/agencia de origen |
DO-SdBNP |
| Centro/agencia transcriptor |
CU |
| Centro/agencia modificador |
DLC |
| 082 ## - NÚMERO DE LA CLASIFICACIÓN DECIMAL DEWEY |
| Número de clasificación |
862.5 |
| Número de documento/Ítem |
R618d |
| 100 1# - ENTRADA PRINCIPAL--NOMBRE DE PERSONA |
| Nombre de persona |
Rivas, Ángel de Saavedra, |
| Títulos y otros términos asociados al nombre |
duque de, |
| Fechas asociadas al nombre |
1791-1865. |
| 9 (RLIN) |
8738 |
| 245 10 - MENCIÓN DE TÍTULO |
| Título |
Don Álvaro o La fuerza del sino / |
| Mención de responsabilidad, etc. |
Angel de Saavedra, duque de Rivas ; edición, Juan Bautista Montes Bordajandi. |
| 246 30 - FORMA VARIANTE DE TÍTULO |
| Título propio/Titulo breve |
Don Alvaro |
| 246 30 - FORMA VARIANTE DE TÍTULO |
| Título propio/Titulo breve |
Fuerzo del sino |
| 260 ## - PUBLICACIÓN, DISTRIBUCIÓN, ETC. |
| Lugar de publicación, distribución, etc. |
San Juan, Puerto Rico : |
| Nombre del editor, distribuidor, etc. |
Plaza Mayor, |
| Fecha de publicación, distribución, etc. |
1997. |
| 300 ## - DESCRIPCIÓN FÍSICA |
| Extensión |
170 p. ; |
| Dimensiones |
21 cm. |
| 440 #0 - MENCIÓN DE SERIE/PUNTO DE ACCESO ADICIONAL--TÍTULO |
| Título |
Clásicos comentados ; |
| Designación de volumen o secuencia |
9 |
| 9 (RLIN) |
13696 |
| 650 #4 - PUNTO DE ACCESO ADICIONAL DE MATERIA--TÉRMINO DE MATERIA |
| Término de materia o nombre geográfico como elemento de entrada |
Teatro español |
| Subdivisión cronológica |
SIGLO XVIII |
| 9 (RLIN) |
13697 |
| 650 #4 - PUNTO DE ACCESO ADICIONAL DE MATERIA--TÉRMINO DE MATERIA |
| Término de materia o nombre geográfico como elemento de entrada |
Literatura española |
| Subdivisión cronológica |
SIGLO XVIII |
| 9 (RLIN) |
13698 |
| 700 1# - PUNTO DE ACCESO ADICIONAL--NOMBRE DE PERSONA |
| Nombre de persona |
Bautista, Juan, |
| Término indicativo de función/relación |
ed. |
| 9 (RLIN) |
13699 |
| 910 ## - DATOS DE OPCIÓN DEL USUARIO (OCLC) |
| Datos de opción del usuario |
Catalogación por copia / LC |